Statistics for A-Z Foods by Place

Click here to take the quiz!

General Stats

  • This quiz has been taken 39 times
  • The average score is 10 of 23

Answer Stats

FoodDescriptionPlace/ nationality% Correct
FFriesBatonettes of deep fried potatoFrench
80%
GYogurtStrained for a thicker consistencyGreek
77%
BSaucePopular meat-based accompaniment to pastaBolognese
74%
DMustardOriginally recipe replaced vinegar with verjuiceDijon
74%
HGoulashStew seasoned with paprikaHungarian
74%
IStewTraditional meat and root vegetable stewIrish
63%
YPuddingSavoury batter popover traditionally served with roast beefYorkshire
63%
EMuffinIndividual, round, flat, white yeast-breadEnglish
60%
NIce CreamVanilla, chocolate and strawberry harlequinNeapolitan
60%
LQuicheBacon, eggs, cheese and onions in a pastry caseLorraine
54%
WBeefSteak coated in pate wrapped in pastryWellington
51%
KBeefTender, well-marbled joint of the Tajima strainKobe
46%
MMud pieGooey chocolate sauce on crumbly chococolate baseMississippi
43%
CPepperHot chilli powderCayenne
37%
JArtichokeEdible root of a type of sunflowerJerusalem
31%
VWhirlElegant buttery biscuits sandwiched with jam and creamViennese
31%
TDressingPink salad dressingThousand Island
29%
PCheeseCream cheesePhiladelphia
26%
ROystersDeep fried testiclesRocky Mountain
20%
OPuddingDry fruit custard with nuts, favourite of TrumanOzark
6%
SSauceSweet and sour sauce Macdonalds stopped servingSzechuan
6%
APatePork & liver pateArdennes
0%
QPizzaNutty flavour crust and spicy tomato sauce, cut in stripsQuad city
0%

Score Distribution

Percentile by Number Answered

Percent of People with Each Score

Your Score History

You have not taken this quiz